| 000 | 00612 a2200229 4500 | ||
|---|---|---|---|
| 005 | 20260314094018.0 | ||
| 008 | 260313b |||||||| |||| 00| 0 eng d | ||
| 020 |
_a9789391063252 _cRs. 3995.00 |
||
| 040 | _aMAIN | ||
| 082 |
_a576.028 _bS56T |
||
| 100 | _aSengar, R S | ||
| 245 | _aTechniques of microbiology | ||
| 260 |
_bNarendra Publishing House _c2024 _aNew Delhi |
||
| 300 | _axxi, 309 | ||
| 650 | _aMicrobiology | ||
| 650 | _aMicroorganisms | ||
| 700 | _aChaudhary, Reshu, ed. | ||
| 700 | _aRani, Varsha, ed. | ||
| 700 | _aGupta, Shalini, ed. | ||
| 700 | _aKatoch, Shailja, ed. | ||
| 942 | _cBK | ||
| 999 |
_c395762 _d395762 |
||